| 000 | 01937nam0a22005051 4500 | ||
|---|---|---|---|
| 001 | RU\NLR\A1SV\29866 | ||
| 005 | 20251203171251.9 | ||
| 035 | _a(NLR Aleph) 009713766 | ||
| 090 |
_a9846015 _c9846015 |
||
| 100 | _a20010727d1925 u y0rusy50 ca | ||
| 101 | 0 | _arus | |
| 102 | _aRU | ||
| 200 | 1 |
_aПознание местного края _eОбъем, содержание и приемы ведения краеведческой работы и организация местного музея _eПланы работ и крат. программы для изучения своего края _fА.И.Дзенс-Литовский и И.С.Абрамов, д. чл. Рус. геогр. о-ва _gВступ. ст. пред. Центр. бюро краеведения акад. С.Ф.Ольденбурга; Центр бюро краеведения |
|
| 210 |
_aЛ. _cКолос _d1925 |
||
| 215 |
_a180 с. _d24 см |
||
| 320 | _aБиблиогр. в конце тем | ||
| 620 | _dСанкт-Петербург | ||
| 700 | 1 |
_aДзенс-Литовский _bА. И. _f1892-1971 _gАлексей Иванович _4070 |
|
| 701 | 1 |
_aАбрамов _bИ. С. _f1874-1960 _gИван Спиридонович |
|
| 702 | 1 |
_aОльденбург _bС. Ф. _f1863-1934 _gСергей Федорович _3RU\NLR\AUTH\7773079 _4070 |
|
| 801 | 0 |
_aRU _bNLR _c20010727 |
|
| 852 |
_aNLR _j18.387.5.51 |
||
| 852 |
_aNLR _j20/89 |
||
| 899 | _aИОНБ | ||
| 899 | _aБАН | ||
| 899 | _aВСИАХМЗ | ||
| 899 | _aГОПБ | ||
| 899 | _aГПИБ | ||
| 899 | _aНБУВ | ||
| 899 | _aКирОУНБ | ||
| 899 | _aРГБ | ||
| 899 | _aРКП | ||
| 899 | _aNLG | ||
| 899 | _aСПбГУ | ||
| 899 | _aТОУНБ | ||
| 899 | _aSLK | ||
| 899 | _aЯИАМЗ | ||
| 899 | _aМГУ | ||
| 899 | _aПГМЗ | ||
| 899 | _aНБ Бел. | ||
| 899 | _aНБ ТГУ | ||
| 942 | _cBOOK | ||
| 980 | _aNB | ||
| 980 | _aA1SV | ||